Harry Potter Books - Statistics

General Stats
  • This quiz has been taken 24 times
  • The average score is 6 of 8
Answer Stats
Answer % Correct
Harry Potter and the Chamber of Secrets
91%
Harry Potter and the Goblet of Fire
86%
Harry Potter and the Order of the Phoenix
86%
Harry Potter and the Half-Blood Prince
82%
Harry Potter and the Sorcerer’s Stone
82%
Harry Potter and the Deathly Hallows
77%
Harry Potter and the Prisoner of Azkaban
77%
Harry Potter and the Cursed Child
55%
No matching quizzes found
Score Distribution
Percent of People with Each Score
Percentile by Number Answered
Your Score History
You have not taken this quiz